le midi n°4 - Statistiques

Statistiques générales
  • Ce quiz a été pris 5 fois
  • Le résultat moyen est 14 sur 18
Statistiques - réponses
Hint Réponse % Correct
chef de l'insurrection biterroise suite aux coup d'état du 2 Décembre 1851,qui sera par la suite en réaction de l'état déporté en Guyane Casimir Péret
100%
construction démontrant le développement de la viticulture et des chemins ,ainsi qu'une prospérité importante châteaux pinardiers / folies
100%
mélange du français inculqué dans les écoles républicaines et la patoi du midi conservé par les classes populaires francitan
100%
député des Pyrénées Orientale qui se fait élire grâce aux voix des républicains (gauche) et des légitimistes rendant compte d'un calcul politique, et qui figurera aux gouvernement à la chute de Louis Philippe François Arago
100%
évenement en juin 1848,entrainant une révolte des ouvriers réprimés par le générale Cavaignac la fermeture des ateliers nationaux
100%
républicain avancé récoltant plus de suffrage dans le midi que nulle part en France ,annonciateur des prémices du Midi Rouge Ledru Rollin
100%
journal destiné à soutenir la campagne d’Arago, en opposition aux journal des PO l’Indépendant
100%
ville avec une "commune" similaire à Paris dirigée par Emile Digeon qui éclate quelques jours après celle-ci Narbonne
100%
date de la crise viticole lié à la surproduction du vin,résolu par la distillation et la contraction de l’offre 1907
67%
pourcentage de vote en faveur du candidat Louis Napoleon Bonaparte dans l'Hérault 55%
67%
personnage qui à la suite de la chute du second empire prend la mairie de Béziers pour en devenir le maire républicain Ernest Perreal
67%
ensemble d'espaces de sociabilités organisés en loges qui soutiennent la parti radical notamment à Béziers, à l'exception du grand orient ou ceux ci sont plutôt de la gauche anticléricale (Desmons, Louis Lafferre) franc maçonnerie
67%
personnage qui en venant à Béziers ,rédige un discours à moitié en Français, et à moitié en occitan Jean Jaurès
67%
loi de 1850 qui stipule qu’il faut justifier de 3 ans de résidence au même endroit pour voter. la loi des Burgraves
67%
évenement témoignant de la montée de l'antisémitisme en 1893 suite à des vagues de migrations italiennes et espagnoles massacre d'Aigues Mortes
67%
produit du midi acheté massivement par le gouvernement par les mobilisés durant la première guerre mondiale vin
67%
organisation de l'opposition républicaine très active de 1848 à 1850 sociétés secrètes
33%
évêque de Montpellier en 1872 et qui le reste jusqu’en 1920, montrant bien la résistance du Midi blanc. Le cardinal de Cabrière
0%
Aucun quiz correspondant
Distribution des résultats
% des personnes avec chaque résultat
Percentile par nombre de réponses
Votre historique - résultats
Vous n’avez pas pris ce quiz